Ecology of teleost fishes
Saved in:
| Main Author: | |
|---|---|
| Format: | Book |
| Language: | English |
| Published: |
Londres
Chapman & Hall
1995
|
| Series: | Fish and fisheries series, 1
|
| Subjects: | |
| Tags: |
Add Tag
No Tags, Be the first to tag this record!
|
MARC
| LEADER | 00000nam a2200000 a 4500 | ||
|---|---|---|---|
| 001 | UCU8081 | ||
| 003 | CL-VaPUC | ||
| 008 | 960712e19950000UK |||||||||||||||||eng|d | ||
| 082 | 0 | 4 | |a 597 |b WOO |2 21 |
| 100 | 0 | |a Wootton, Robert J |e author |9 367345 | |
| 245 | 1 | 0 | |a Ecology of teleost fishes |
| 300 | |a 404 p | ||
| 942 | |c BK | ||
| 945 | |d 19960712 00:00:00 |a rbrito | ||
| 260 | |a Londres |b Chapman & Hall |c 1995 | ||
| 650 | 7 | |a PECES |2 CL-VaPUC |9 367346 | |
| 650 | 0 | |a Ecología |9 258124 | |
| 650 | 0 | |a Fauna marina |9 261231 | |
| 650 | 0 | |a Bioenergía |9 367347 | |
| 650 | 0 | |a Reproducción |9 269783 | |
| 650 | 0 | |a Medio ambiente |9 257625 | |
| 650 | 0 | |a Morfología |9 334440 | |
| 650 | 7 | |a TELEOSTEOS |2 CL-VaPUC |9 262137 | |
| 583 | |a last modification |c 19960712 00:00:00 |k Rodrigo Vera | ||
| 490 | 0 | |a Fish and fisheries series, 1 | |
| 999 | |c 250607 |d 250605 | ||
| 952 | |0 0 |1 0 |4 0 |6 597_000000000000000_WOO_1995 |7 0 |8 CCM |9 268969 |a BIBCUR |b BIBCUR |d 2019-11-19 |i 3214311 |l 1 |o 597 WOO 1995 |p 3214311 |r 2025-04-22 |s 2022-09-28 |w 2019-11-19 |y BK |k CIM | ||